000 00791cam a22002773a 4500
001 4917
003 PGUSA
005 20140828083111.0
008 040628s2004||||xxu|||||s|||||000 1 eng d
040 _aPGUSA
_beng
042 _adc
050 4 _aPR
100 1 _aTrollope, Anthony,
_d1815-1882
245 1 4 _aThe Kellys and the O'Kellys
_h[electronic resource] /
_cAnthony Trollope
260 _bProject Gutenberg,
_c2004
506 _aPublic domain in the USA.
516 _aElectronic text
653 _aLandowners -- Fiction
653 _aIreland -- Fiction
653 _aDomestic fiction
653 _aLand tenure -- Fiction
653 _aLandlord and tenant -- Fiction
830 0 _aProject Gutenberg
_v4917
856 4 0 _uhttp://www.gutenberg.org/ebooks/4917
942 _cEB
999 _c234246
_d234246